000 00552nam a2200205Ia 4500
005 20240712101126.0
008 131103s9999 xx 000 0 und d
020 _a0 00 271326 8
040 _aLoreto College
041 _aEnglish
082 _a821
_bCOS
100 _aTabucchi, Antonio
245 _aRequiem for a Wren
_cAntonio Tabucchi; translated by Margaret Jull Costa
260 _aGreat britain
_bHarvill
_c1994
300 _a110 p.
650 _aEnglish poetry
700 _aCosta, Margaret Jull; tr.
850 _aLCBED
942 _cBK
999 _c29800
_d80279